000 00426nam a2200181Ia 4500
001 1829
005 20260306143757.0
008 260306t2011||||xx |||||||||||||| ||spa||
041 _aESP
082 _a155.67
_bM96
100 _aMuñoz Tortosa, Juan
_eAUT
245 0 _aPsicología del envejecimiento
260 _c2011
300 _a204 páginas :
_c24 cm.
650 _aGEN
654 _aCPS
942 _cLIB
_dJUS
_fJUS
_2ddc
_n
999 _c1829
_d1829